02036nam a22003017a 4500008004100000020001800041040000800059041000800067100002900075245009700104260003800201300004200239490002000281505062200301520026600923650004701189650004201236650005001278650006701328650005901395650004601454655003401500655002701534655004601561942000801607952010401615999001501719250528b |||||||| |||| 00| 0 eng d a9780241636862 ctbs aeng aRai, Bali925361eauthor a(Un)arranged marriagec/ Bali Rai ; retold by Prakash Parmar ; illustrated by Alisha Monnin. aLondon : bPenguin Books, c2024. a96 pages : billustrations ; c20 cm. aPenguin readers a(Un)arranged Marriage, a Level 5 Reader, is B1 in the CEFR framework. The text is made up of sentences with up to four clauses, introducing present perfect continuous, past perfect, reported speech and second conditional. It is well supported by illustrations, which appear regularly. The eight levels of Penguin Readers follow the Common European Framework of Reference for language learning (CEFR). Exercises at the back of each Reader help language learners to practise grammar, vocabulary, and key exam skills. Before, during and after-reading questions test readers' story comprehension and develop vocabulary. aManny lives in England with his strict Punjabi parents who are very traditional and want him to have an arranged marriage. There's just one problem: Manny definitely doesn't want an arranged marriage. With the help of his best friend, Ade, Manny makes a plan... 0aArranged marriagezEnglandvFiction925362 0aEast IndianszEnglandxFiction925363 0aPunjabis (South Asian people)vFiction925364 0aEnglish language xStudy and teachingxForeign speakers911690 0aEnglish languagevTextbooks for foreign speakers96478 0aEnglish languagexSelf-instruction925365 0aReaders (Publications)925108 0aReaders (Adult)922484 0aHigh interest-low vocabulary books922485 2lcc 00102lcc4070aTBSbTBSd2025-05-28l0oREADER-EN RAIpB05873r2025-05-28t1w2025-05-28yENGLISH c4706d4706